|
|
|
|
| LEADER |
02200cas a2200277 a 4500 |
| 001 |
AALejournalIMF022053 |
| 008 |
230101c9999 xx r poo 0 0eng d |
| 020 |
|
|
|c 50.00 USD
|
| 020 |
|
|
|z 9781475595369
|
| 022 |
|
|
|a 0252-3027
|
| 040 |
|
|
|a BD-DhAAL
|c BD-DhAAL
|
| 110 |
2 |
|
|a International Monetary Fund.
|b Statistics Dept.
|
| 245 |
1 |
0 |
|a International Financial Statistics Yearbook, 2017.
|
| 264 |
|
1 |
|a Washington, D.C. :
|b International Monetary Fund,
|c 2017.
|
| 300 |
|
|
|a 1 online resource (1200 pages)
|
| 490 |
1 |
|
|a International Financial Statistics
|
| 500 |
|
|
|a <strong>Off-Campus Access:</strong> No User ID or Password Required
|
| 500 |
|
|
|a <strong>On-Campus Access:</strong> No User ID or Password Required
|
| 506 |
|
|
|a Electronic access restricted to authorized BRAC University faculty, staff and students
|
| 520 |
3 |
|
|a This paper focuses on composition of the basket that was changed on the basis of updated data for 1972-1976. The weights of some currencies were also changed. The amount of each of the 16 currencies in the revised basket was such as to ensure that the value of the Special Drawing Right (SDR) in terms of any currency on June 30, 1978 was exactly the same in the revised valuation as in the previous valuation. Since January 1, 1981, the value of the SDR has been determined based on the currencies of the five member countries having the largest exports of goods and services during the 5-year period ending one year before the date of the latest revision to the valuation basket. Broadly reflecting the currencies' relative importance in international trade and finance, the weights are based on the value of the exports of goods and services of the members issuing these currencies and the balances of their currencies officially held by members of the IMF.
|
| 538 |
|
|
|a Mode of access: Internet
|
| 650 |
|
7 |
|a General Financial Markets
|2 imf
|
| 650 |
|
7 |
|a Investment Decisions
|2 imf
|
| 650 |
|
7 |
|a Portfolio Choice
|2 imf
|
| 830 |
|
0 |
|a International Financial Statistics; International Financial Statistics ;
|v No. 2017/013
|
| 856 |
4 |
0 |
|z Full text available on IMF
|u http://elibrary.imf.org/view/books/041/24234-9781475595369-en/24234-9781475595369-en-book.xml
|z IMF e-Library
|